| 000 -LEADER |
| fixed length control field |
00517nam a2200205 a 4500 |
| 008 - FIXED-LENGTH DATA ELEMENTS--GENERAL INFORMATION |
| fixed length control field |
190920s2016 xxka|||g |||| 00| 1 eng d |
| 020 ## - INTERNATIONAL STANDARD BOOK NUMBER |
| International Standard Book Number |
9781909531611 |
| Terms of availability |
Rs 293.00 |
| 040 ## - CATALOGING SOURCE |
| Original cataloging agency |
IMU Kochi Library |
| Language of cataloging |
eng |
| 041 0# - LANGUAGE CODE |
| Language code of text/sound track or separate title |
eng |
| 044 ## - COUNTRY OF PUBLISHING/PRODUCING ENTITY CODE |
| MARC country code |
United Kingdom |
| 082 04 - DEWEY DECIMAL CLASSIFICATION NUMBER |
| Edition number |
23 |
| Classification number |
823.92 |
| Item number |
Z89 |
| 100 1# - MAIN ENTRY--PERSONAL NAME |
| Personal name |
Zusak, Markus |
| 245 10 - TITLE STATEMENT |
| Title |
The Book Thief / |
| 260 ## - PUBLICATION, DISTRIBUTION, ETC. (IMPRINT) |
| Place of publication, distribution, etc |
London : |
| Name of publisher, distributor, etc |
Penguin Random House, |
| Date of publication, distribution, etc |
2005 |
| 300 ## - PHYSICAL DESCRIPTION |
| Extent |
583 p. : |
| Other physical details |
ill. ; |
| Dimensions |
20 cm. |
| 650 #0 - SUBJECT ADDED ENTRY--TOPICAL TERM |
| Topical term or geographic name as entry element |
Fiction |
| General subdivision |
Historical fiction |
| 852 ## - LOCATION/CALL NUMBER |
| Location |
IMU Kochi Library |
| 904 ## - LOCAL DATA ELEMENT D, LDD (RLIN) |
| CATALOGER |
Shine Joy |
| 942 ## - ADDED ENTRY ELEMENTS (KOHA) |
| Item type |
Books |